<?xml version="1.0" encoding="UTF-8"?>
<record
    xmlns:xsi="http://www.w3.org/2001/XMLSchema-instance"
    xsi:schemaLocation="http://www.loc.gov/MARC21/slim http://www.loc.gov/standards/marcxml/schema/MARC21slim.xsd"
    xmlns="http://www.loc.gov/MARC21/slim">

  <leader>01593nam a2200205Ia 4500</leader>
  <controlfield tag="001">b6396-45631 </controlfield>
  <controlfield tag="003">IT-MiCISF</controlfield>
  <controlfield tag="008">161014s9999||||xx |||||||||||||| ||und||</controlfield>
  <datafield tag="040" ind1=" " ind2=" ">
    <subfield code="a">IT-MiCISF</subfield>
    <subfield code="c">IT-MiCISF</subfield>
  </datafield>
  <datafield tag="041" ind1=" " ind2=" ">
    <subfield code="a">it</subfield>
  </datafield>
  <datafield tag="100" ind1=" " ind2=" ">
    <subfield code="a">Chevillard Lutz Sophie</subfield>
  </datafield>
  <datafield tag="245" ind1=" " ind2="0">
    <subfield code="a">La forza di una vita fragile</subfield>
    <subfield code="b">Storia di una bambina che non doveva nascere</subfield>
  </datafield>
  <datafield tag="250" ind1=" " ind2=" ">
    <subfield code="a">1a ed.</subfield>
  </datafield>
  <datafield tag="260" ind1=" " ind2=" ">
    <subfield code="a"> Torino</subfield>
    <subfield code="b">Lindau</subfield>
    <subfield code="c">2008 [Edizione originale: 2007]</subfield>
  </datafield>
  <datafield tag="300" ind1=" " ind2=" ">
    <subfield code="a">pp. 122</subfield>
  </datafield>
  <datafield tag="500" ind1=" " ind2=" ">
    <subfield code="a"> / famiglia-con-handicap, madre, rapporti-madre-figli, esperienze / Philippine oggi ha sette anni. Gi&#xE0; prima che nascesse i medici avevano riscontrato una lesione cerebrale molto grave che non le avrebbe permesso di vivere e a loro giudizio la condannava inevitabilmente a essere abortita. Una prospettiva che i suoi genitori hanno rifiutato immediatamente. Contrariamente a tutte le previsioni, Philippine &#xE8; sopravvissuta, pur restando in una condizione di grave dipendenza, come quella di un neonato tra i tre e i sei mesi. La sua unica forma di comunicazione si limita all'accenno di un sorriso nei momenti di felicit&#xE0;. In questo piccolo libro la mamma di Philippine racconta ci&#xF2; che ha provocato in lei la nascita di una figlia affetta da un cos&#xEC; grave handicap fisico e mentale, e il posto speciale che ha nella sua esistenza e in quella della sua famiglia. L'accettazione della fragilit&#xE0; di Philippine ha trasformato a poco a poco la vita dei suoi genitori e li ha resi pi&#xF9; sensibili, pi&#xF9; profondi, umani.</subfield>
  </datafield>
  <datafield tag="650" ind1=" " ind2=" ">
    <subfield code="a"> Temi di bioetica / handicap</subfield>
    <subfield code="e">011</subfield>
  </datafield>
  <datafield tag="942" ind1=" " ind2=" ">
    <subfield code="c">BK</subfield>
  </datafield>
  <datafield tag="957" ind1=" " ind2=" ">
    <subfield code="7">1</subfield>
  </datafield>
  <datafield tag="999" ind1=" " ind2=" ">
    <subfield code="a">45631</subfield>
    <subfield code="b">si</subfield>
    <subfield code="g">1</subfield>
    <subfield code="c">210650</subfield>
    <subfield code="d">210650</subfield>
  </datafield>
  <datafield tag="952" ind1=" " ind2=" ">
    <subfield code="0">0</subfield>
    <subfield code="1">0</subfield>
    <subfield code="4">0</subfield>
    <subfield code="6">B_639645631</subfield>
    <subfield code="7">1</subfield>
    <subfield code="a">CISF</subfield>
    <subfield code="b">CISF</subfield>
    <subfield code="d">2016-10-14</subfield>
    <subfield code="l">0</subfield>
    <subfield code="o">b6396-45631 </subfield>
    <subfield code="r">2016-10-14 00:00:00</subfield>
    <subfield code="w">2016-10-14</subfield>
    <subfield code="y">BK</subfield>
    <subfield code="z">Data import 15.10.2016 / by Epidotti, Vaglietti</subfield>
  </datafield>
</record>
